Séculos XVI, XVII e XVIII no Brasil - Dentro de 30 anos - Statistics

Estatísticas Gerais
  • Esse quiz foi jogado 28 vezes
  • A pontuação média é 5 de 12
Estatísticas das Respostas
Acontecimento Ano % Correto
Vila de São Vicente é fundada, iniciando a colonização do Brasil 1532
94%
Salvador é fundada para ser capital da colônia 1549
83%
Acontece a Inconfidência Mineira 1789
67%
Holandeses invadem a capitania de Pernambuco e iniciam dominação de 24 anos 1630
61%
Rio de Janeiro se torna capital do Brasil 1763
44%
São Paulo é fundada por padres jesuítas 1554
33%
Rio de Janeiro é fundado após expulsão dos franceses da Baía de Guanabara 1565
33%
São Luís é fundada pelos franceses 1612
28%
Holandeses invadem Salvador e tomam a cidade por um ano 1624
22%
Capitania de Minas Gerais é criada 1720
22%
Zumbi é morto e Quilombo dos Palmares é destruído 1695
17%
Nasce Aleijadinho em Vila Rica (atual Ouro Preto) 1738
17%
Nenhum quiz correspondente encontrado
Distribuição das Pontuações
Porcentagem de Pessoas com Cada Pontuação
Percentil de Números Respondidos
Sua Pontuação Histórica
Você não jogou esse quiz